LEADER 01961nam a2200373 a 4500 001 000000137667 003 CaOOAMICUS 005 20140311120255.0 008 140311s2009 miu u000 u eng r 020 $z9780802863539* 040 $aPUL$bita 082 04$a232.9 111 2 $aPrinceton-Prague Symposium on Jesus Research$n (1st :$d2005 :$cPrague, Czech Republic).$0(OLS)http://pul/name/88784 245 10$aJesus research :$ban international perspective: the first Princeton-Prague Symposium on Jesus Research, Prague 2005 /$cedited by James H. Charlesworth and Petr Pokorny and with Brian Rhea, Jan Roskovec, & Jonathan Soyars. 260 $aGrand Rapids :$bW.B. Eerdmans,$c2009. 300 $axxii, 307 p. ;$c23 cm. 490 1 $aPrinceton-Prague Symposia series on the historical Jesus ;$v01 504 $aBibliografia p. 255-286. 600 04$aIesus Christus$xStoricitŕ.$0(OLS)http://pul/subject/8558 650 4$aCristologia$xStudi.$0(OLS)http://pul/subject/36480 700 1 $aCharlesworth, James H.$0(OLS)http://pul/name/69 700 1 $aPokorný, Petr.$0(OLS)http://pul/name/30481 700 1 $aRhea, Brian.$0(OLS)http://pul/name/88785 700 1 $aRoskovec, Jan,$d1966-$0(OLS)http://pul/name/49939 700 1 $aSoyars, Jonathan.$0(OLS)http://pul/name/88786 830 0$aPrinceton-Prague Symposia series on the historical Jesus ;$v01.$0(OLS)http://pul/title/174310 850 $aPUL 852 $aPUL$W1$xSL Religione 3$y85$m232. 9 CHAJA 1$j158697$qDDC 21$B158223$CPULBib$Z2$F158223 $H123571 $82 941 1 $a9 996 $6020$z9780802863539*$9(OLS)http://pul/number/154738 996 $6082$a232.9$9(OLS)http://pul/classification/575 996 $6245$aJesus research :$ban international perspective: the first Princeton-Prague Symposium on Jesus Research, Prague 2005$9(OLS)http://pul/title/174309 996 $6260$aGrand Rapids :$bW.B. Eerdmans$9(OLS)http://pul/publisher/66895 LEADER 02056nam a2200433 a 4500 001 000000121670 003 CaOOAMICUS 005 20160215113349.0 008 100510t20099999it u000 u ita r 020 $a978-88-343-3012-8 (v. 2)* 020 $z978-88-343-1262-9 (v. 1)* 032 $aLibriCat 040 $aPUL$bita$dReb 041 1 $aita$heng 082 04$a901 100 1 $aVoegelin, Eric,$d1901-1985.$0(OLS)http://pul/name/30387 240 10$aOrder and history$lItaliano.$0(OLS)http://pul/title/153087 245 10$aOrdine e storia /$cEric Voegelin ; a cura di Nicoletta Scotti Muth. 260 $aMilano :$bVita e pensiero,$c©<2009->. 300 $av. <1-2> ;$c22 cm. 504 $aIncludono riferimenti bibliografici ed indice. 505 1 $aV. 1. Israele e la Rivelazione / a cura di Nicoletta Scotti Muth. -- v. 2. Il mondo della polis / prefazione di Lorenzo Ornaghi. 651 4$aIsraele$xStoria.$0(OLS)http://pul/subject/9266 700 1 $aOrnaghi, Lorenzo.$0(OLS)http://pul/name/35823 700 1 $aScotti Muth, Nicoletta,$d1961-$0(OLS)http://pul/name/14046 740 02$aIsraele e la rivelazione. 740 32$aIl mondo della polis. 850 $aPUL 852 $aPUL$W1$xSL Cons. Gen., Altre Classi 3$y75$m901 VOEER 1$j139641$av. 1$qDDC 21$B138841$CPULBib$Z2$F138841 $H113633 $82 852 $aPUL$W1$xSL Cons. Gen., Altre Classi 3$y75$m901 VOEER 1.2$j172017$bv. 2$qDDC 21$B173635$CPULBib$Z2$F173635 $H127130 $81 941 1 $a9 996 $6020$z978-88-343-1262-9 (v. 1)*$9(OLS)http://pul/number/144152 996 $6020$a978-88-343-3012-8 (v. 2)*$9(OLS)http://pul/number/159671 996 $6082$a901$9(OLS)http://pul/classification/124 996 $6245$aOrdine e storia$9(OLS)http://pul/title/153085 996 $6740$aIsraele e la rivelazione$9(OLS)http://pul/title/153086 996 $6740$aIl mondo della polis$9(OLS)http://pul/title/188335 996 $6260$aMilano :$bVita e pensiero$9(OLS)http://pul/publisher/48016